IIS 6 :the complete reference / (Record no. 3713)

000 -LEADER
fixed length control field 01248cam a22003374a 4500
001 - CONTROL NUMBER
control field 13859514
003 - CONTROL NUMBER IDENTIFIER
control field OSt
005 - DATE AND TIME OF LATEST TRANSACTION
control field 20161103124607.0
008 - FIXED-LENGTH DATA ELEMENTS--GENERAL INFORMATION
fixed length control field 050202s2003 nyua i 000 0 eng
010 ## - LIBRARY OF CONGRESS CONTROL NUMBER
LC control number 2005533104
020 ## - INTERNATIONAL STANDARD BOOK NUMBER
International Standard Book Number 0072224959
040 ## - CATALOGING SOURCE
Original cataloging agency DLC
Transcribing agency DLC
Modifying agency DLC
042 ## - AUTHENTICATION CODE
Authentication code pcc
050 00 - LIBRARY OF CONGRESS CALL NUMBER
Classification number TK5105.87H464 2003
082 00 - DEWEY DECIMAL CLASSIFICATION NUMBER
Classification number 004.67/8
Edition number 22
100 1# - MAIN ENTRY--PERSONAL NAME
Personal name Henrickson, Hethe.
245 10 - TITLE STATEMENT
Title IIS 6 :the complete reference /
Statement of responsibility, etc Hethe Henrickson, Scott Hofmann.
246 3# - VARYING FORM OF TITLE
Title proper/short title Internet Information Services six
260 ## - PUBLICATION, DISTRIBUTION, ETC. (IMPRINT)
Place of publication, distribution, etc New York :
Name of publisher, distributor, etc McGraw-Hill/Osborne,
Date of publication, distribution, etc c2003.
300 ## - PHYSICAL DESCRIPTION
Extent xx, 699 p. :
Other physical details ill. ;
Dimensions 23 cm.
500 ## - GENERAL NOTE
General note Includes index.
630 00 - SUBJECT ADDED ENTRY--UNIFORM TITLE
Uniform title Microsoft Internet information server.
650 #0 - SUBJECT ADDED ENTRY--TOPICAL TERM
Topical term or geographic name as entry element Web servers.
700 1# - ADDED ENTRY--PERSONAL NAME
Personal name Hofmann, Scott
Fuller form of name (Scott R.)
856 42 - ELECTRONIC LOCATION AND ACCESS
Materials specified Publisher description
Uniform Resource Identifier <a href="http://www.loc.gov/catdir/enhancements/fy0628/2005533104-d.html">http://www.loc.gov/catdir/enhancements/fy0628/2005533104-d.html</a>
856 41 - ELECTRONIC LOCATION AND ACCESS
Materials specified Table of contents only
Uniform Resource Identifier <a href="http://www.loc.gov/catdir/enhancements/fy0628/2005533104-t.html">http://www.loc.gov/catdir/enhancements/fy0628/2005533104-t.html</a>
856 42 - ELECTRONIC LOCATION AND ACCESS
Materials specified Contributor biographical information
Uniform Resource Identifier <a href="http://www.loc.gov/catdir/enhancements/fy0739/2005533104-b.html">http://www.loc.gov/catdir/enhancements/fy0739/2005533104-b.html</a>
906 ## - LOCAL DATA ELEMENT F, LDF (RLIN)
a 7
b cbc
c orignew
d 2
e ncip
f 20
g y-gencatlg
942 ## - ADDED ENTRY ELEMENTS (KOHA)
Source of classification or shelving scheme
Koha item type Book
Holdings
Withdrawn status Lost status Source of classification or shelving scheme Damaged status Not for loan Home library Current library Shelving location Date acquired Total Checkouts Full call number Barcode Date last seen Copy number Price effective from Koha item type
          Riara University Library Riara University Library General stack 03/11/2016   TK5105.87H464 2003 5852/15 03/11/2016 C.1 03/11/2016 Book

Riara University Library,
P.O. Box 49940-00100,
Nairobi, Kenya.